[Event "FIDE World Senior Team Championship 2020"]
[Site "Olympik hotel, Sokolovska 138, Prague"]
[Date "2020.03.06"]
[Round "1.1.1"]
[White "Ruzicka, Zdenek"]
[Black "Sveshnikov, Evgeny"]
[Result "0-1"]
[WhiteElo "2163"]
[BlackElo "2470"]
[PlyCount "96"]
[WhiteTeam "CZE4"]
[BlackTeam "RUS"]
[EventDate "2020.03.06"]

1. e4 c5 2. Nf3 Nc6 3. Bb5 e6 4. b3 f6 5. Bb2 Nh6 6. c3 Bd6 7. Na3 O-O 8. Nc4
Be7 9. Ne3 f5 10. exf5 Nxf5 11. O-O d5 12. d4 cxd4 13. cxd4 Nxe3 14. fxe3 Bd7
15. Bc3 Rc8 16. Qd2 Qb6 17. Bd3 Nb4 18. Bxb4 Qxb4 19. Qe2 Bf6 20. Rad1 Rc3 21.
Rf2 Rfc8 22. h4 Qe7 23. g3 e5 24. dxe5 Bxe5 25. Nxe5 Qxe5 26. Qf3 Be6 27. Qf4
Qxf4 28. Rxf4 g6 29. Kf2 Re8 30. Rd2 Kg7 31. e4 Rd8 32. Be2 d4 33. Rf3 Rxf3+
34. Bxf3 Kf6 35. e5+ Kxe5 36. Bxb7 Bg4 37. Ke1 Rb8 38. Ba6 Rf8 39. Be2 Bf5 40.
b4 Rc8 41. g4 Be4 42. b5 Rc3 43. Rb2 Rh3 44. h5 gxh5 45. b6 axb6 46. Rb5+ Kf4
47. Rxh5 Rxh5 48. gxh5 Ke3 0-1

[Event "FIDE World Senior Team Championship 2020"]
[Site "Olympik hotel, Sokolovska 138, Prague"]
[Date "2020.03.06"]
[Round "1.1.2"]
[White "Rashkovsky, Nukhim N"]
[Black "Joukl, Zdenek"]
[Result "1-0"]
[WhiteElo "2440"]
[BlackElo "2047"]
[PlyCount "113"]
[WhiteTeam "RUS"]
[BlackTeam "CZE4"]
[EventDate "2020.03.06"]

1. d4 d5 2. Nf3 Bf5 3. Bf4 e6 4. e3 Nf6 5. Bd3 Bg6 6. Ne5 Bd6 7. c4 dxc4 8.
Bxc4 Bxe5 9. Bxe5 Nbd7 10. Bg3 Nh5 11. Nc3 O-O 12. Qf3 Nxg3 13. Qxg3 c6 14. Rd1
Nb6 15. Bb3 Nd5 16. O-O Nxc3 17. bxc3 a5 18. Rc1 Qb8 19. Qf3 a4 20. Bc2 Qc7 21.
Bxg6 hxg6 22. Rb1 Ra7 23. Rfc1 Rd8 24. h4 Qe7 25. g3 Rd5 26. c4 Rf5 27. Qe2
Rfa5 28. e4 Kh7 29. Kg2 Qf6 30. Rd1 Qe7 31. e5 Ra8 32. h5 Kg8 33. hxg6 fxg6 34.
Qe4 Qf7 35. Rd3 Rf8 36. Rf3 Qxf3+ 37. Qxf3 Rxf3 38. Kxf3 Ra7 39. Ke4 Kf7 40. f4
Ke7 41. d5 Kd7 42. d6 c5 43. Rb6 a3 44. Kd3 g5 45. fxg5 g6 46. Kc3 Kc8 47. Rb5
b6 48. Rxb6 Rf7 49. Rc6+ Kd8 50. Rxc5 Rf3+ 51. Kb4 Rxg3 52. Ra5 Rxg5 53. Ra8+
Kd7 54. Ra7+ Kd8 55. c5 Rxe5 56. c6 Ke8 57. Ra8+ 1-0

[Event "FIDE World Senior Team Championship 2020"]
[Site "Olympik hotel, Sokolovska 138, Prague"]
[Date "2020.03.06"]
[Round "1.1.3"]
[White "Jacek, Miloslav"]
[Black "Kalegin, Evgenij"]
[Result "0-1"]
[WhiteElo "1962"]
[BlackElo "2431"]
[PlyCount "84"]
[WhiteTeam "CZE4"]
[BlackTeam "RUS"]
[EventDate "2020.03.06"]

1. e4 c5 2. Nf3 e6 3. c3 Nf6 4. Bd3 d5 5. e5 Nfd7 6. O-O Nc6 7. Re1 g5 8. h3 h5
9. g4 hxg4 10. hxg4 c4 11. Bc2 Bg7 12. d4 cxd3 13. Ba4 Nc5 14. Bxc6+ bxc6 15.
Bxg5 Qc7 16. Nbd2 Bb7 17. b4 Ne4 18. Nxe4 dxe4 19. Rxe4 c5 20. Re3 c4 21. Qa4+
Kf8 22. Bf4 Rd8 23. Qa5 Qxa5 24. bxa5 Rh3 25. Kg2 Rxf3 26. Rxf3 d2 27. Rd1 Rd3
28. Be3 Bxe5 29. Rxd2 Bxc3 30. Rxd3 cxd3 31. a6 Bxa6 32. Rh3 d2 33. Bxd2 Bxd2
34. Ra3 Bb7+ 35. f3 a5 36. Rd3 Bb4 37. a3 Be7 38. Rb3 Bc6 39. Rc3 Bd5 40. Rc8+
Kg7 41. Rc3 a4 42. Kg3 Bb3 0-1

[Event "FIDE World Senior Team Championship 2020"]
[Site "Olympik hotel, Sokolovska 138, Prague"]
[Date "2020.03.06"]
[Round "1.1.4"]
[White "Zhelnin, Vladimir V"]
[Black "Hnat, Zdenek"]
[Result "1-0"]
[WhiteElo "2404"]
[BlackElo "1802"]
[PlyCount "51"]
[WhiteTeam "RUS"]
[BlackTeam "CZE4"]
[EventDate "2020.03.06"]

1. e4 e5 2. Nf3 Nc6 3. Bc4 Nf6 4. d3 Bc5 5. Nc3 d6 6. Bg5 h6 7. Bxf6 Qxf6 8.
Nd5 Qd8 9. c3 a6 10. d4 exd4 11. cxd4 Ba7 12. h3 O-O 13. O-O Be6 14. Rc1 Rc8
15. Nf4 Bxc4 16. Rxc4 f5 17. Ne6 Qe8 18. d5 Na5 19. Ra4 fxe4 20. Nxf8 exf3 21.
Ne6 fxg2 22. Kxg2 Nc6 23. Qg4 Qf7 24. Rf4 Qd7 25. dxc6 Qxc6+ 26. Kh2 1-0

[Event "FIDE World Senior Team Championship 2020"]
[Site "Olympik hotel, Sokolovska 138, Prague"]
[Date "2020.03.06"]
[Round "1.2.1"]
[White "Knaak, Rainer"]
[Black "Watzka, Horst"]
[Result "1/2-1/2"]
[WhiteElo "2478"]
[BlackElo "2166"]
[PlyCount "80"]
[WhiteTeam "GER1"]
[BlackTeam "AUT2"]
[EventDate "2020.03.06"]

1. d4 Nf6 2. Nf3 d6 3. c4 Nbd7 4. Nc3 e5 5. Bg5 Be7 6. e3 O-O 7. Be2 c6 8. Qc2
Ne8 9. Bxe7 Qxe7 10. O-O Ndf6 11. Rfe1 Bg4 12. Rac1 g6 13. b4 Ng7 14. c5 Bxf3
15. Bxf3 Rad8 16. dxe5 Qxe5 17. b5 dxc5 18. bxc6 b6 19. Qa4 Ra8 20. Red1 Ne6
21. g3 Nc7 22. Rd2 a6 23. Qb3 b5 24. a4 Rab8 25. Qb1 Rfe8 26. Rb2 b4 27. Ne2
Ne6 28. Nf4 Ng5 29. Bg2 Nfe4 30. h4 Nc3 31. Qd3 Ne6 32. Qxa6 Nc7 33. Qc4 Nxa4
34. Rb3 Red8 35. Nd3 Qe6 36. Qc2 Ra8 37. Nf4 Qe5 38. Rd3 Nc3 39. Rxc3 bxc3 40.
Qxc3 Qxc3 1/2-1/2

[Event "FIDE World Senior Team Championship 2020"]
[Site "Olympik hotel, Sokolovska 138, Prague"]
[Date "2020.03.06"]
[Round "1.2.2"]
[White "Kratschmer, Heinz"]
[Black "Chevelevitch, Evgueni, Dr."]
[Result "1/2-1/2"]
[WhiteElo "2037"]
[BlackElo "2391"]
[PlyCount "101"]
[WhiteTeam "AUT2"]
[BlackTeam "GER1"]
[EventDate "2020.03.06"]

1. d4 Nf6 2. Nf3 g6 3. Nc3 d5 4. Bf4 Bg7 5. e3 O-O 6. Be2 c5 7. Ne5 cxd4 8.
exd4 Nc6 9. Qd2 Qa5 10. h4 h5 11. f3 Be6 12. O-O-O Rfc8 13. Kb1 a6 14. Nxc6
Rxc6 15. Ne4 Qxd2 16. Nxf6+ Bxf6 17. Rxd2 Bf5 18. Bd3 Bxd3 19. Rxd3 Rac8 20. c3
Re6 21. Re3 Rcc6 22. g3 Rxe3 23. Bxe3 Re6 24. Re1 g5 25. hxg5 Bxg5 26. Bf2
Rxe1+ 27. Bxe1 f5 28. f4 h4 29. gxh4 Bxf4 30. Kc2 Kg7 31. Kd3 e6 32. a4 Kg6 33.
b3 b5 34. axb5 axb5 35. c4 bxc4+ 36. bxc4 dxc4+ 37. Kxc4 Bd6 38. Kd3 Kh5 39.
Ke3 Kg4 40. Bf2 Bc7 41. Be1 Bd8 42. Bf2 Bb6 43. Ke2 f4 44. h5 Kxh5 45. Kf3 Kg5
46. Ke4 Kg4 47. Ke5 Kf3 48. Bh4 Ke3 49. Bg5 Bxd4+ 50. Kxe6 Ke4 51. Bxf4 1/2-1/2

[Event "FIDE World Senior Team Championship 2020"]
[Site "Olympik hotel, Sokolovska 138, Prague"]
[Date "2020.03.06"]
[Round "1.2.3"]
[White "Hort, Vlastimil"]
[Black "Pitzl, Konstantinos"]
[Result "1/2-1/2"]
[WhiteElo "2397"]
[BlackElo "2023"]
[PlyCount "34"]
[WhiteTeam "GER1"]
[BlackTeam "AUT2"]
[EventDate "2020.03.06"]

1. e4 d6 2. d4 Nf6 3. Nc3 g6 4. f4 Bg7 5. Nf3 O-O 6. Bd3 Na6 7. Be3 c5 8. Bxa6
cxd4 9. Bxd4 bxa6 10. O-O Bb7 11. Qe2 Qc7 12. Rfe1 Rac8 13. Rad1 e6 14. Qf2 Ng4
15. Qh4 Bxd4+ 16. Nxd4 e5 17. Qxg4 exd4 1/2-1/2

[Event "FIDE World Senior Team Championship 2020"]
[Site "Olympik hotel, Sokolovska 138, Prague"]
[Date "2020.03.06"]
[Round "1.3.1"]
[White "Sejkora, Vlastimil"]
[Black "Jansa, Vlastimil"]
[Result "1/2-1/2"]
[WhiteElo "2149"]
[BlackElo "2439"]
[PlyCount "51"]
[WhiteTeam "CZE3"]
[BlackTeam "CZE1"]
[EventDate "2020.03.06"]

1. e4 c5 2. g3 Nc6 3. Bg2 g6 4. Ne2 Bg7 5. c3 e5 6. O-O Nge7 7. d3 O-O 8. Be3
d6 9. d4 exd4 10. cxd4 Qb6 11. dxc5 dxc5 12. Nbc3 Rd8 13. Nd5 Nxd5 14. exd5 Nd4
15. Bg5 Re8 16. Nxd4 Bxd4 17. Qa4 Bf5 18. d6 f6 19. Rae1 Rxe1 20. Rxe1 fxg5 21.
Re8+ Rxe8 22. Qxe8+ Kg7 23. Qe7+ Kh6 24. h4 gxh4 25. Qxh4+ Kg7 26. Qe7+ 1/2-1/2

[Event "FIDE World Senior Team Championship 2020"]
[Site "Olympik hotel, Sokolovska 138, Prague"]
[Date "2020.03.06"]
[Round "1.3.2"]
[White "Hausner, Ivan"]
[Black "Janda, Zdenek"]
[Result "1-0"]
[WhiteElo "2339"]
[BlackElo "2065"]
[PlyCount "113"]
[WhiteTeam "CZE1"]
[BlackTeam "CZE3"]
[EventDate "2020.03.06"]

1. d4 c5 2. d5 e5 3. e4 d6 4. Bd3 g6 5. Nc3 Na6 6. Nf3 Rb8 7. O-O Bd7 8. a4 Bg7
9. Nb5 Qe7 10. Nd2 Nb4 11. Be2 a6 12. Na3 a5 13. Nb5 Nf6 14. c3 Na6 15. Qc2 O-O
16. Nc4 Ne8 17. Nxa5 f5 18. f3 f4 19. Nc4 g5 20. Bd2 Rf6 21. Nb6 Rh6 22. Nxd7
Qxd7 23. Na3 Nf6 24. Nc4 Kh8 25. b4 Rg8 26. Qd3 Bf8 27. h3 Rgg6 28. Rf2 Rh4 29.
Kf1 g4 30. fxg4 Nxg4 31. Bxg4 Rgxg4 32. Be1 Rg8 33. b5 Nc7 34. Nd2 Rh6 35. c4
Be7 36. Nf3 Rhg6 37. Rb2 Ne8 38. a5 Nf6 39. Raa2 Nh5 40. a6 b6 41. a7 Ra8 42.
Ra6 Bd8 43. Rba2 Ng3+ 44. Bxg3 Rxg3 45. Qe2 Qe8 46. Kg1 Rg7 47. Nh2 Rg3 48.
R2a3 Qf7 49. Rxg3 fxg3 50. Nf1 Rxa7 51. Nxg3 Bg5 52. Nf5 Rxa6 53. bxa6 Qd7 54.
Qa2 Qa7 55. Qa4 h6 56. Qe8+ Kh7 57. Qc8 1-0

[Event "FIDE World Senior Team Championship 2020"]
[Site "Olympik hotel, Sokolovska 138, Prague"]
[Date "2020.03.06"]
[Round "1.3.3"]
[White "Mlynek, Petr"]
[Black "Lechtynsky, Jiri"]
[Result "0-1"]
[WhiteElo "2053"]
[BlackElo "2330"]
[PlyCount "104"]
[WhiteTeam "CZE3"]
[BlackTeam "CZE1"]
[EventDate "2020.03.06"]

1. d4 Nf6 2. c4 g6 3. Nf3 Bg7 4. g3 c6 5. Bg2 O-O 6. O-O d6 7. Nc3 Qa5 8. e4
Bg4 9. h3 Bxf3 10. Bxf3 Nfd7 11. Be3 c5 12. dxc5 dxc5 13. e5 a6 14. e6 fxe6 15.
Bg4 Qb6 16. Rb1 Qc6 17. Bg5 Ne5 18. Bxe7 Re8 19. Bg5 Nbd7 20. Qa4 Qxa4 21. Nxa4
b5 22. cxb5 axb5 23. Nc3 Nxg4 24. hxg4 Ne5 25. Be3 c4 26. Nxb5 Rxa2 27. Nc3 Ra5
28. Rfc1 Nxg4 29. Ne4 Nxe3 30. fxe3 Rc8 31. Nd6 Rc6 32. Nxc4 Rb5 33. b3 h5 34.
Kf2 Kh7 35. Kf3 Rf5+ 36. Ke4 Rg5 37. Kf3 Rc8 38. Rg1 Rg4 39. Rbd1 Rb8 40. Rb1
g5 41. Nd2 Rf8+ 42. Ke2 Be5 43. b4 Kg6 44. b5 Rxg3 45. Nc4 Bb8 46. b6 Rxg1 47.
Rxg1 Rc8 48. Kd3 g4 49. b7 Rc5 50. Rb1 h4 51. Kd4 Rd5+ 52. Ke4 h3 0-1

[Event "FIDE World Senior Team Championship 2020"]
[Site "Olympik hotel, Sokolovska 138, Prague"]
[Date "2020.03.06"]
[Round "1.5.1"]
[White "Burchardt, Brigitte"]
[Black "Birnboim, Nathan"]
[Result "0-1"]
[WhiteElo "2075"]
[BlackElo "2369"]
[PlyCount "114"]
[WhiteTeam "GERW"]
[BlackTeam "ISR1"]
[EventDate "2020.03.06"]

1. e4 d6 2. d4 Nf6 3. Nc3 a6 4. f3 Nc6 5. Be3 e5 6. Nge2 g6 7. Qd2 Bg7 8. dxe5
Nxe5 9. Nf4 O-O 10. Nfd5 Nxd5 11. Nxd5 Be6 12. Bg5 f6 13. Bh6 Bxh6 14. Qxh6 f5
15. Nf4 Qf6 16. Nxe6 Qxe6 17. Qh3 Rae8 18. Be2 fxe4 19. Qxe6+ Rxe6 20. fxe4 Rf4
21. Bd3 Nxd3+ 22. cxd3 d5 23. g3 Rf5 24. Rc1 c6 25. Ke2 dxe4 26. d4 Ref6 27.
Ke3 Rf2 28. Kxe4 Re2+ 29. Kd3 Rxb2 30. d5 cxd5 31. Rc8+ Kg7 32. h4 Rxa2 33. h5
gxh5 34. Rxh5 Rf3+ 35. Kd4 Kg6 36. Rh3 Rb2 37. Rg8+ Kf7 38. Rh8 Rb4+ 39. Ke5
Rg4 40. Rb8 Rg5+ 41. Kd4 Rb3 42. Rxh7+ Rg7 43. Rh3 a5 44. Kxd5 Ke7 45. Kc4 Rb4+
46. Kc3 Kd7 47. Ra8 Rb5 48. Rf8 Rbg5 49. Rf3 b5 50. Rd3+ Kc6 51. Kb3 R7g6 52.
Kb2 b4 53. Kb3 Kb5 54. Rf3 a4+ 55. Kb2 Rd6 56. Rh2 Rgd5 57. Rff2 a3+ 0-1

[Event "FIDE World Senior Team Championship 2020"]
[Site "Olympik hotel, Sokolovska 138, Prague"]
[Date "2020.03.06"]
[Round "1.8.1"]
[White "Horvath, Tamas"]
[Black "Gurtovoi, Borys"]
[Result "1-0"]
[WhiteElo "2304"]
[BlackElo "1704"]
[PlyCount "91"]
[WhiteTeam "HUN"]
[BlackTeam "UKR"]
[EventDate "2020.03.06"]

1. e4 c6 2. d4 d6 3. f4 Qc7 4. Nf3 Bg4 5. h3 Bxf3 6. Qxf3 e5 7. c3 Nd7 8. Bd3
g6 9. O-O Ngf6 10. Be3 Bg7 11. Nd2 O-O 12. Rad1 a6 13. Bc2 b5 14. g4 c5 15.
fxe5 dxe5 16. d5 Ne8 17. Rf2 Nd6 18. Nf1 f6 19. Ng3 Rf7 20. Rdf1 Nc4 21. Bc1
Raf8 22. h4 a5 23. Qg2 Nd6 24. Qh3 c4 25. h5 Rb8 26. g5 fxg5 27. hxg6 hxg6 28.
Bxg5 Nc5 29. Be3 Rxf2 30. Rxf2 Qd7 31. Qh4 Nd3 32. Rh2 Rf8 33. Qh7+ Kf7 34.
Bxd3 cxd3 35. Rf2+ Ke8 36. Qxg6+ Kd8 37. Rxf8+ Bxf8 38. Kg2 Nc4 39. Nf5 d2 40.
Bxd2 Nxb2 41. Qf6+ Be7 42. Qxe5 Nc4 43. Qb8+ Qc8 44. Qxc8+ Kxc8 45. Nxe7+ Kd7
46. Bg5 1-0

[Event "FIDE World Senior Team Championship 2020"]
[Site "Olympik hotel, Sokolovska 138, Prague"]
[Date "2020.03.06"]
[Round "1.8.2"]
[White "Dovzhenko, Viktor"]
[Black "Hardicsay, Peter"]
[Result "0-1"]
[WhiteElo "2069"]
[BlackElo "2203"]
[PlyCount "124"]
[WhiteTeam "UKR"]
[BlackTeam "HUN"]
[EventDate "2020.03.06"]

1. d4 Nf6 2. Bf4 g6 3. Nf3 Bg7 4. e3 d6 5. h3 O-O 6. Nbd2 b6 7. c3 Bb7 8. Bc4
c5 9. O-O Qc8 10. Re1 d5 11. Bd3 Nc6 12. Rc1 Ba6 13. Bb1 c4 14. e4 dxe4 15.
Nxe4 Nd5 16. Bg5 Qc7 17. Qa4 Qc8 18. b3 b5 19. Qa3 Bb7 20. bxc4 bxc4 21. Nc5 e6
22. Be4 Qc7 23. Bxd5 exd5 24. Nxb7 Qxb7 25. Qc5 Qd7 26. Rb1 f6 27. Bf4 Rfd8 28.
Qb5 Bf8 29. Qa6 Re8 30. Rxe8 Rxe8 31. Rb7 Qe6 32. Rc7 Nxd4 33. Qxa7 Ne2+ 34.
Kh2 Nxf4 35. Rxh7 Re7 36. Rxe7 Qxe7 37. Qd4 Qd6 38. g3 Nd3 39. Qe3 Kf7 40. h4
Ne5 41. Qa7+ Qe7 42. Qxe7+ Bxe7 43. Nd2 Bc5 44. Kg2 Ng4 45. f4 Ne3+ 46. Kf3 Nd1
47. Nb1 f5 48. g4 fxg4+ 49. Kxg4 Ne3+ 50. Kf3 Nf5 51. Kg4 Be7 52. a4 Bxh4 53.
a5 Bf2 54. Kg5 Nd6 55. a6 Bb6 56. Kg4 Kf6 57. Na3 d4 58. cxd4 Bxd4 59. Kf3 Bc5
60. Kg4 c3 61. Kf3 Nb5 62. Nc2 Nd4+ 0-1

[Event "FIDE World Senior Team Championship 2020"]
[Site "Olympik hotel, Sokolovska 138, Prague"]
[Date "2020.03.06"]
[Round "1.9.1"]
[White "Babula, Milan"]
[Black "Ogaard, Leif"]
[Result "1/2-1/2"]
[WhiteElo "2144"]
[BlackElo "2362"]
[PlyCount "58"]
[WhiteTeam "CZE6"]
[BlackTeam "NOR1"]
[EventDate "2020.03.06"]

1. e4 c5 2. Nf3 e6 3. d4 cxd4 4. Nxd4 Nc6 5. Nxc6 bxc6 6. Bd3 Nf6 7. O-O d6 8.
c4 Be7 9. Nc3 O-O 10. b3 Bb7 11. Bb2 c5 12. Qe2 Nd7 13. Rad1 Ne5 14. f4 Nc6 15.
Qg4 e5 16. Nd5 Nd4 17. Bxd4 cxd4 18. f5 Bxd5 19. cxd5 Rc8 20. Rc1 Rc3 21. Rxc3
dxc3 22. Rc1 Qb6+ 23. Kf1 Qe3 24. Rd1 Bg5 25. Qg3 Qxg3 26. hxg3 Rb8 27. Ke2 Kf8
28. Bc2 Ke7 29. a3 a5 1/2-1/2

[Event "FIDE World Senior Team Championship 2020"]
[Site "Olympik hotel, Sokolovska 138, Prague"]
[Date "2020.03.06"]
[Round "1.11.1"]
[White "Lagerborg, Krister"]
[Black "Uddenfeldt, Dan"]
[Result "1-0"]
[WhiteElo "2144"]
[BlackElo "2320"]
[PlyCount "149"]
[WhiteTeam "SWE5"]
[BlackTeam "SWE1"]
[EventDate "2020.03.06"]

1. e4 e5 2. Nf3 Nc6 3. Nc3 Nf6 4. Bb5 Bb4 5. O-O O-O 6. d3 Re8 7. Bg5 a6 8. Bc4
Bxc3 9. bxc3 Na5 10. Bb3 h6 11. Bh4 d6 12. Nd2 c6 13. Nc4 Nxc4 14. Bxc4 b5 15.
Bb3 Be6 16. Bxe6 Rxe6 17. a4 g5 18. Bg3 d5 19. f3 Nh5 20. Bf2 Nf4 21. Be3 Qd6
22. g3 Ng6 23. Qd2 d4 24. Bf2 Rf8 25. axb5 cxb5 26. cxd4 exd4 27. g4 Rc8 28.
Ra2 Rf6 29. Bg3 Qe6 30. Rb2 Ne5 31. Kg2 Kh7 32. h3 Rc6 33. f4 gxf4 34. Rxf4
Rxf4 35. Qxf4 Ng6 36. Qf5 Kg7 37. h4 f6 38. h5 Ne5 39. Kh3 Qxf5 40. gxf5 Kf7
41. Bf4 Kg7 42. Kg3 Rc8 43. Kf2 Kh7 44. Ra2 a5 45. Bxe5 fxe5 46. Rxa5 Rxc2+ 47.
Ke1 Rc5 48. Ra7+ Kg8 49. Rb7 Rc1+ 50. Kd2 Rh1 51. Rxb5 Rxh5 52. Rxe5 Rh2+ 53.
Kd1 h5 54. f6 h4 55. Rh5 Rh3 56. Kc2 Kf7 57. e5 Re3 58. Rh7+ Kf8 59. Rxh4 Rxe5
60. Rxd4 Re6 61. Rf4 Rc6+ 62. Kb3 Kf7 63. Kb4 Rc8 64. d4 Rc1 65. d5 Rb1+ 66.
Kc5 Rc1+ 67. Kd6 Rd1 68. Rf5 Ra1 69. Kc7 Rc1+ 70. Kd7 Rc5 71. Kd6 Rc1 72. Rf2
Ra1 73. Kc7 Rc1+ 74. Kd7 Rd1 75. d6 1-0

[Event "FIDE World Senior Team Championship 2020"]
[Site "Olympik hotel, Sokolovska 138, Prague"]
[Date "2020.03.06"]
[Round "1.11.2"]
[White "Renman, Nils-Gustaf"]
[Black "Svensson, Soren"]
[Result "1-0"]
[WhiteElo "2307"]
[BlackElo "1868"]
[PlyCount "147"]
[WhiteTeam "SWE1"]
[BlackTeam "SWE5"]
[EventDate "2020.03.06"]

1. d4 d5 2. c4 e6 3. Nc3 Nf6 4. Bg5 c6 5. e3 Nbd7 6. Nf3 Be7 7. Qc2 b6 8. cxd5
exd5 9. Bd3 Bb7 10. O-O O-O 11. Ne5 h6 12. Nxd7 Nxd7 13. Bf4 Nf6 14. Qe2 Bd6
15. Qf3 Bxf4 16. Qxf4 Qb8 17. Qh4 Qd6 18. Rad1 Rfe8 19. Rfe1 Re7 20. f3 Rae8
21. Qf2 Qd7 22. h3 a6 23. e4 Qc7 24. e5 Nd7 25. f4 c5 26. Bb1 cxd4 27. Rxd4 Qc5
28. Red1 f6 29. Nxd5 Bxd5 30. Rxd5 Qxf2+ 31. Kxf2 Nc5 32. Bg6 Rf8 33. Rd8 Nb7
34. Rxf8+ Kxf8 35. exf6 gxf6 36. b4 Kg7 37. Bf5 a5 38. a3 Kf8 39. Kf3 Rc7 40.
Kg4 Ke7 41. Re1+ Kf7 42. Re6 b5 43. Rb6 axb4 44. axb4 Ke7 45. Re6+ Kf7 46. Ra6
Nd8 47. Be4 Ke7 48. Kf5 Rc4 49. Ra7+ Kd6 50. Rh7 Nc6 51. Bxc6 Kxc6 52. Rxh6
Rxb4 53. Rxf6+ Kc5 54. h4 Rd4 55. Rf8 b4 56. Rb8 Kc4 57. h5 Rd5+ 58. Kg4 Rd2
59. g3 b3 60. h6 Rd7 61. Kg5 Kc3 62. f5 b2 63. f6 Rd8 64. Rxb2 Rg8+ 65. Kf5
Kxb2 66. f7 Rxg3 67. h7 Rh3 68. Kg6 Rg3+ 69. Kf6 Rf3+ 70. Ke6 Re3+ 71. Kd5 Rd3+
72. Ke4 Rd8 73. Kf5 Kc3 74. Kg6 1-0

[Event "FIDE World Senior Team Championship 2020"]
[Site "Olympik hotel, Sokolovska 138, Prague"]
[Date "2020.03.06"]
[Round "1.11.3"]
[White "Olsson, Torgny"]
[Black "Wahlbom, Magnus"]
[Result "0-1"]
[WhiteElo "1800"]
[BlackElo "2176"]
[PlyCount "112"]
[WhiteTeam "SWE5"]
[BlackTeam "SWE1"]
[EventDate "2020.03.06"]

1. d4 Nf6 2. Bf4 e6 3. e3 d5 4. Nf3 c5 5. c3 Nc6 6. Nbd2 Be7 7. Bd3 Qb6 8. Rb1
Nh5 9. Be5 Nxe5 10. Nxe5 Nf6 11. O-O Bd7 12. Nxd7 Nxd7 13. f4 g6 14. Nf3 O-O
15. Qe2 Rfd8 16. Qf2 Qc7 17. Ne5 Bf6 18. g4 Bg7 19. g5 c4 20. Bc2 b5 21. h4
Rab8 22. h5 b4 23. hxg6 hxg6 24. cxb4 Rxb4 25. Kg2 Rdb8 26. b3 R4b7 27. Nxd7
Qxd7 28. bxc4 Rxb1 29. Rxb1 Rxb1 30. Bxb1 Qb7 31. Qc2 dxc4+ 32. Qe4 Qb4 33. Kf2
Qd2+ 34. Kf3 Qd1+ 35. Kf2 Bf8 36. Qc2 Qh1 37. Qe4 Qh4+ 38. Kg2 Qe1 39. Kf3 Qf1+
40. Kg4 Bb4 41. Qa8+ Kg7 42. Qe4 Qg1+ 43. Kf3 Qd1+ 44. Kg2 Qe2+ 45. Kh3 Kh7 46.
Bc2 Bd2 47. Qb7 Qxe3+ 48. Kg2 Qxf4 49. Qxa7 Qxg5+ 50. Kh3 Qe3+ 51. Kg2 Qe2+ 52.
Kh3 Qf3+ 53. Kh2 Bf4+ 54. Kg1 Be3+ 55. Kh2 Qf2+ 56. Kh3 Bxd4 0-1

[Event "FIDE World Senior Team Championship 2020"]
[Site "Olympik hotel, Sokolovska 138,"]
[Date "2020.03.06"]
[Round "1.13"]
[White "Johnsen, Oystein"]
[Black "Pruefer, Friedbert"]
[Result "0-1"]
[WhiteElo "1971"]
[BlackElo "2214"]
[PlyCount "116"]
[EventDate "2020.03.06"]
[WhiteTeam "NOR2"]
[BlackTeam "GER4"]

1. d4 Nf6 2. Nf3 g6 3. c4 Bg7 4. Nc3 d5 5. e3 O-O 6. b3 c5 7. Bb2 Nc6 8. cxd5
Nxd5 9. Nxd5 Qxd5 10. Bc4 Qh5 11. Ne5 Qxd1+ 12. Rxd1 Nxe5 13. dxe5 Rb8 14. a4
Bf5 15. Ke2 Rfd8 16. Rxd8+ Rxd8 17. Rd1 Rxd1 18. Kxd1 Be4 19. f3 Bc6 20. e4 e6
21. Bb5 Bxb5 22. axb5 Bf8 23. Ke2 Be7 24. f4 Kf8 25. Kd3 Ke8 26. Kc4 Kd7 27.
Ba3 b6 28. g4 Bh4 29. b4 cxb4 30. Bxb4 Bf2 31. Bd6 Kc8 32. Be7 Be3 33. Bg5 Kb7
34. h4 h5 35. gxh5 gxh5 36. Kd3 Bc5 37. f5 a6 38. Kc4 Bf2 39. Be7 Bg3 40. Bf6
axb5+ 41. Kxb5 Kc7 42. fxe6 fxe6 43. Bg5 Bxe5 44. Be7 Bg3 45. Bg5 Bf2 46. Bf4+
Kd7 47. Bg5 Bc5 48. Bf6 Kd6 49. Bc3 Be3 50. Bf6 Bf2 51. Kc4 Kc6 52. Be7 b5+ 53.
Kb4 Be1+ 54. Kb3 Kd7 55. Bf6 Kd6 56. Kc2 Kc5 57. Kd1 Bf2 58. Kc2 Bd4 0-1

[Event "FIDE World Senior Team Championship 2020"]
[Site "Olympik hotel, Sokolovska 138,"]
[Date "2020.03.06"]
[Round "1.13"]
[White "Brock, Friedemann"]
[Black "Taksrud, Vidar"]
[Result "1-0"]
[WhiteElo "2230"]
[BlackElo "1910"]
[PlyCount "99"]
[EventDate "2020.03.06"]
[WhiteTeam "GER4"]
[BlackTeam "NOR2"]

1. Nf3 Nf6 2. d4 e6 3. g3 c5 4. c4 Nc6 5. d5 exd5 6. cxd5 Ne7 7. Nc3 d6 8. Bg5
Ng6 9. e4 Be7 10. h4 h6 11. Bd2 Bg4 12. Bb5+ Nd7 13. Be2 O-O 14. h5 Nge5 15.
Nxe5 Bxe2 16. Qxe2 dxe5 17. O-O a6 18. a4 Bd6 19. Kg2 Rc8 20. b3 c4 21. bxc4
Nb6 22. Rab1 Nxc4 23. Rxb7 Nxd2 24. Qxd2 Qa5 25. Nb1 Qxa4 26. Qd3 Rb8 27. Rxb8
Rxb8 28. Nd2 Rb4 29. Rc1 Rd4 30. Rc8+ Kh7 31. Qf3 Qd7 32. Rc2 f5 33. exf5 Be7
34. Nb3 Rxd5 35. Rc7 Qxc7 36. Qxd5 Qd6 37. Qe4 Kg8 38. Na5 Qd4 39. Qa8+ Kf7 40.
Qxa6 Qe4+ 41. Kg1 Qxf5 42. Qc4+ Qe6 43. Qe4 Bc5 44. Nc6 Kg8 45. Nxe5 Qa2 46.
Nd3 Ba7 47. Kg2 Bb6 48. Qf3 Qa5 49. Nf4 Qf5 50. Qb3+ 1-0

[Event "FIDE World Senior Team Championship 2020"]
[Site "Olympik hotel, Sokolovska 138,"]
[Date "2020.03.06"]
[Round "1.13"]
[White "Henrichsen, Erland"]
[Black "Schoeneberg, Manfred"]
[Result "1/2-1/2"]
[WhiteElo "1901"]
[BlackElo "2144"]
[PlyCount "31"]
[EventDate "2020.03.06"]
[WhiteTeam "NOR2"]
[BlackTeam "GER4"]

1. d4 Nf6 2. Bf4 d5 3. e3 e6 4. Nf3 c5 5. c3 Nc6 6. Nbd2 Be7 7. Bd3 O-O 8. Ne5
Nxe5 9. Bxe5 b6 10. Qf3 Ne8 11. Qh3 g6 12. Nf3 Bf6 13. Qg3 Bxe5 14. Nxe5 Qc7
15. Bb5 f6 16. Nd3 1/2-1/2

[Event "FIDE World Senior Team Championship 2020"]
[Site "Olympik hotel, Sokolovska 138,"]
[Date "2020.03.06"]
[Round "1.13"]
[White "Heinsohn, Guenther"]
[Black "Thjomoe, Hans Richard"]
[Result "1-0"]
[WhiteElo "2157"]
[BlackElo "1874"]
[PlyCount "113"]
[EventDate "2020.03.06"]
[WhiteTeam "GER4"]
[BlackTeam "NOR2"]

1. e4 e5 2. Bc4 Nf6 3. d3 Nc6 4. Nc3 d6 5. f4 Be6 6. f5 Bxc4 7. dxc4 Be7 8. Nf3
g6 9. fxg6 hxg6 10. Bg5 Nh5 11. Bxe7 Nxe7 12. Qd2 Qd7 13. O-O-O O-O-O 14. Qf2
Nc6 15. Nd5 Kb8 16. g3 f5 17. Nh4 fxe4 18. Nxg6 Rhg8 19. Nh4 Qg4 20. Rhe1 Nd4
21. Nc3 Rdf8 22. Qe3 Nf3 23. Nxf3 exf3 24. Rf1 Rf7 25. c5 Rg6 26. cxd6 cxd6 27.
Nb5 Qa4 28. Nxd6 Rc7 29. Qe4 Qxe4 30. Nxe4 Rf7 31. Rd3 Rg4 32. Re3 Kc7 33. Nd2
Kd6 34. Rexf3 Rxf3 35. Rxf3 e4 36. Re3 Kd5 37. c3 b5 38. Kd1 Nf6 39. h3 Rg7 40.
g4 Re7 41. Ke2 Re5 42. Kf2 Nd7 43. Rg3 Nc5 44. b4 Nd7 45. Ke3 Nf6 46. g5 Nh5
47. Rg4 Ng7 48. h4 Nf5+ 49. Ke2 Re7 50. g6 Rc7 51. h5 Rxc3 52. g7 Ng3+ 53. Rxg3
Rxg3 54. h6 e3 55. Nf1 Rg2+ 56. Kxe3 Ke6 57. h7 1-0

[Event "FIDE World Senior Team Championship 2020"]
[Site "Olympik hotel, Sokolovska 138,"]
[Date "2020.03.06"]
[Round "1.14"]
[White "Herzog, Adolf"]
[Black "Nyrhinen, Harri"]
[Result "1-0"]
[WhiteElo "2312"]
[BlackElo "1985"]
[PlyCount "55"]
[EventDate "2020.03.06"]
[WhiteTeam "AUT1"]
[BlackTeam "FIN1"]

1. d4 Nf6 2. Nf3 g6 3. Bf4 Bg7 4. e3 c5 5. Nbd2 Nc6 6. c3 cxd4 7. exd4 d5 8.
Bd3 O-O 9. h3 Re8 10. O-O Qb6 11. Rb1 Bd7 12. Bh2 Rac8 13. Ne5 Na5 14. Re1 Bb5
15. Bc2 Nd7 16. b4 Bxe5 17. dxe5 Nc4 18. a4 Nxd2 19. Qxd2 Bc4 20. Rbd1 Nf8 21.
Kh1 Ne6 22. f4 Ng7 23. Bg1 Qc7 24. f5 b6 25. Bd4 Qd7 26. e6 fxe6 27. fxg6 hxg6
28. Qh6 1-0